| 000 | 00675nam a2200229#a 4500 | ||
|---|---|---|---|
| 001 | 02260 | ||
| 003 | HDC | ||
| 007 | ta | ||
| 008 | 230623s2012 xx 000 0 eng d | ||
| 040 | _aHDC | ||
| 050 |
_aperkeso HD7222.6 _b .P47 2012 |
||
| 110 | _aPertubuhan Keselamatan Social. | ||
| 245 | 0 |
_aSocial Security Protection : _bemployment injury scheme invalidity scheme / _cPertubuhan Keselamatan Social. |
|
| 264 |
_aKuala Lumpur : _bPERKESO, _c2012 |
||
| 300 |
_a49p. : _b ill. ; _c 18cm. |
||
| 650 |
_aEmployee fringe benefits _zMalaysia. |
||
| 650 |
_aSocial security _zMalaysia. |
||
| 942 | _2lcc | ||
| 942 | _cBK | ||
| 942 | _kperkeso HD7222.6 | ||
| 942 | _m .P47 2012 | ||
| 999 |
_c23819 _d23819 |
||